Los Rockstar No Van Al Cielo - Ovi, Hanzel La H - Estadísticas

Estadísticas generales
  • Esta prueba ha sido intentada 53 veces
  • La puntuación promedio es 281 de 489
Estadísticas de respuestas
Letra % Correcto
a
100%
las
88%
Las
88%
lo
88%
Lo
88%
Los
88%
los
88%
me
88%
se
88%
si
88%
Si
88%
al
75%
cielo
75%
con
75%
Con
75%
¿cuándo
75%
cuando
75%
donde
75%
dónde
75%
el
75%
El
75%
es
75%
la
75%
La
75%
No
75%
no
75%
pa'
75%
Pa'
75%
rockstar
75%
rockstar,
75%
tu
75%
75%
van
75%
de
63%
De
63%
dinero
63%
en
63%
está
63%
Esto
63%
le
63%
Le
63%
les
63%
para
63%
pero
63%
Por
63%
que
63%
Que
63%
te
63%
todo'
63%
un
63%
Un
63%
Y
63%
y
63%
adelante
50%
ahora
50%
Alien
50%
ando
50%
bandolero'
50%
barrio',
50%
calle
50%
chula'
50%
decir
50%
enamorar
50%
era
50%
Eso
50%
están
50%
Estoy
50%
estoy
50%
familia
50%
gángster
50%
gueto
50%
gusta
50%
hace
50%
hacer
50%
hago
50%
hicieron
50%
kilero'
50%
mal,
50%
mamá
50%
mami
50%
mero
50%
mero,
50%
mi
50%
millón,
50%
millonario
50%
mira
50%
mis
50%
pienso
50%
pone
50%
puta
50%
puta,
50%
quiera
50%
Quieren
50%
quieren
50%
quiero
50%
quiero,
50%
real,
50%
real
50%
reclamar
50%
sin
50%
Soy
50%
soy
50%
su
50%
vaya'
50%
verdadero,
50%
verdadero
50%
voy
50%
Yankee
50%
yo
50%
Yo
50%
apoyo
38%
ayuda
38%
baby
38%
cartero
38%
casa
38%
caso
38%
cero
38%
cobra
38%
contratar
38%
culo
38%
Deadpool
38%
dejo
38%
delincuente
38%
empezaron
38%
Flash
38%
flow
38%
hice
38%
hoy
38%
Jefecito,
38%
jefecito,
38%
joyero
38%
Llamaron
38%
Marvel,
38%
nota,
38%
nota
38%
Pa'l
38%
pa'l
38%
papel
38%
peliculero',
38%
pelotero
38%
pelotero'
38%
poli'
38%
porto
38%
respetos
38%
saben
38%
sacan
38%
salgo,
38%
salgo
38%
Slayter
38%
sombra,
38%
son
38%
Son
38%
Tiger
38%
todos
38%
tráiler
38%
tráiler?
38%
una
38%
unos
38%
ustede'
38%
violencia,
38%
vive
38%
bandoleros
25%
doctore'
25%
enchula',
25%
esa
25%
había
25%
haces
25%
llevo
25%
opero
25%
paso
25%
semanal
25%
tiradore'
25%
zaza,
25%
acepto
13%
barrios,
13%
bota,
13%
brazo'
13%
caldero
13%
capota,
13%
chupo
13%
corran
13%
derrota,
13%
diecinueve,
13%
gatillero,
13%
gordas
13%
habrá
13%
importas,
13%
lápiz,
13%
manda
13%
mato,
13%
meto
13%
nadie
13%
paca'
13%
pasta
13%
pastillita'
13%
plata,
13%
pongo
13%
pues
13%
rafagazo
13%
ricota
13%
señor
13%
tota
13%
tumban
13%
Ustedes
13%
veinte,
13%
bombero
0%
da
0%
fuego,
0%
hay
0%
mota',
0%
rapero,
0%
Saldé
0%
salvarte
0%
No se encontraron pruebas coincidentes
Distribución de puntuación
Porcentaje de gente con cada puntuación
Porcentaje por número respondido
Historial de tus puntuaciones
No has intentado esta prueba.